000
00333nam a2200133Ia 4500
005
20251222155110.0
008
251222s9999||||xx |||||||||||||| ||spa||
082
_a
MEQ. 72.2
100
_a
SWEARINGEN.
245
0
_a
EnfermerÃa Médico Quirurgica Vol. II
250
_a
1ra. ed.
264
_b
Interamericana S.A.
942
_c
LIB
999
_c
38024
_d
38024